Quizzes
Events
Quiz Creation
Community
Videos
Private Events
Remove Ads
Sign In
Join for FREE
Feedback
Dark Mode
Quiz Categories
Sports
Geography
Music
Movies
Television
Just For Fun
Miscellaneous
History
Literature
Language
Science
Gaming
Entertainment
Religion
Holiday
For Kids
Quiz Lab
Recent
Popular Today
Quiz Kudos Today
Editor Picks
Curator Picks
Quizzes by...
Day
Popularity
Type
Ratings
Length
Year
Community
Subscriptions
Recent Discussions
Orange Saloon
Badges
Playlists
Quests
Create
Leaderboards
Showdown
Live 5
Trivia Bingo
Activity
Puzzle Library
Sporcle Events
Private Events
Virtual Trivia
Globe League
Become a Host
Pub Owners
SporcleCon
Opinionation
Our Games
Videos
Blog
Mobile Apps
Partnerships
Remove Ads and Go Orange
Feedback
Literature
Harry Potter
A Song of Ice and Fire
The Hunger Games
Literary Character
Shakespeare
Book
Author
Novel
Poem
Young Adult
Children's Books
Play
Lord of the Rings
Literature
Harry Potter
A Song of Ice and Fire
The Hunger Games
Literary Character
Shakespeare
Book
Author
Novel
Poem
Young Adult
Children's Books
Play
Lord of the Rings
Random Quiz
Search Sporcle
×
Quiz Lab
Quiz Lab
Literature
death
Type in answers that appear in a list
Type in answers that appear in a list
Classic
Best Score? Go Orange.
ASOIAF deaths in battle (Hard) Stats
Can you name the ASOIAF deaths in battle?
By
jbuckleywork
10m
37 Questions
368 Plays
368 Plays
368 Plays
Comments
Comments
Give Quiz Kudos
Give Quiz Kudos
-
- Ratings
hide this ad
More Info
Replay
Link that replays current quiz
Next Quiz
Link to next quiz in quiz playlist
You Got
0%
They Got
Avg Score
37%
Avg Friend Score
Upgrade to see
Score Distribution
Jump to the score distribution portion of the page
Score
0/37
Timer
10:00
0
Plays Today
Battle
Answer
% Correct
Battle/
Sack of Winterfell (By Ramsay)
Rodrik Cassell
87.2%
Ygritte
80.4%
Battle of the Blackwater
Mandon Moore
73.1%
Mikken
72%
Matthos Seaworth
70.7%
Donal Noye
63.3%
Battle of Castle Black
Styr
62%
Battle in the Whispering Wood
Eddard Karstark
60.6%
Torrhen Karstark
59.8%
Stafford Lannister
59%
Beric Dondarrion
57.3%
Dale Seaworth
46.5%
Allard Seaworth
44.8%
Battle of Oxcross
Stevron Frey
42.7%
Chayle
38.9%
Maric Seaworth
38%
Jacelyn Bywater
34.2%
Mag the Mighty
34%
Guyard Morrigen
33.2%
Battle
Answer
% Correct
Cley Cerwyn
31.8%
Battle at the Mummer's Ford
Raymund Darry
31%
Imry Florent
30.4%
Battle at the fords
Leo Lefford
22.6%
Capture of Winterfell (By Theon)
Alebelly
22%
Bryce Caron
21.2%
Harma
20.7%
Leobald Tallhart
19.8%
Daryn Hornwood
18.8%
Lothar Mallory
16.8%
Battle on the Green Fork
Halys Hornwood
15.8%
Monford Velaryon
11.1%
Robert Brax
10.9%
Gladden Wylde
9.5%
Rupert Brax
9%
Ser Pate
8.4%
Squint
7.9%
Drennan
6%
Quiz Playlist
Details
Report
Send in Message
Add To Playlist
More Info:
All deaths are noted on the ASOIAF wiki (some incredibly minor characters have been left out)
Classic:
Type in answers that appear in a list
Last Updated: Feb 16, 2017
Quiz Scoreboard
CHALLENGE
Sign Up to Join the Scoreboard
Show All
Scores
Hide
Comments
May contain spoilers
Recently Published
Presidents Visiting Landmarks
by Hejman
History
7m
An Introduction to Baseball
by treessimontrees
Sports
5m
Movies - When Are They Set?
by FPL_Elf
Movies
5m
More to Explore
Quiz From the Vault
Featured Blog Post
Where Did the Easter Bunny Come From?
hide this ad
You Might Also Like...
Tags
asoiaf
battle
death
hard
Today's Top Quizzes in Literature
Browse Literature
hide this ad
Today's Top Quizzes in death
Browse death
Top Contributed Quizzes in Literature
1
Sneaky Slytherin Logic Puzzle
2
Get The Picture: Black or White Literature
3
A Court of Thorns and Roses (ACoTaR) Logic Puzzle
4
5-to-1: Plays
5
One Thing in Common: Literature
6
One Thing in Common: Literature 3
7
One Thing in Common: Literature II
8
Harry Potter Neighbourly Logic Puzzle #5
9
One Thing in Common: Books
10
Harry Potter Neighbourly Logic Puzzle #6
Explore More
Trending Topics
Harry Potter
NBA
Marvel
Crossword
Disney
Anime
Kpop
Pokémon
Soccer
The Office
Song
NFL
Puzzle
Country
WWE
hide this ad
More By:
jbuckleywork
Quiz
Plays
Rating
Category
Featured
Created
Game of thrones Deaths in battle
370
3.50
Television
Dec 3, 2016
ASOIAF deaths in battle (Hard)
368
3.00
Literature
Dec 4, 2016
Game of Thrones quiz made for my girlfriend
154
1.00
Television
Jul 15, 2017
Name the episodes of The Office (US)
29
5.00
Television
Nov 4, 2019
Release dates of Comedy Shows
6
Television
Apr 12, 2017
Go to Creator's Profile
Score Distribution
Quiz Creator Spotlight
jbuckleywork
Follow
Send a Message
Quizzes Created
-
Created Quiz Play Count
-
More By This Creator
Popular Quizzes Today
1
Find the US States - No Outlines Minefield
2
Find the Countries of Europe - No Outlines Minefield
3
The Countries of the World
4
Find the US States
5
Popular People in 1961
6
US States
7
Risky Map Clicking: Biggest States A-Z
8
Movies - When Are They Set?
More Literature Quizzes
Play Titles Missing Adjectives
Published
Trending Quizzes
Risky Map Clicking: Least Populous States A-Z
1-10 Letter G Words
1-10 Letter F Words
Risky Map Clicking: Next State Alphabetically
Risky Map Clicking: Biggest States A-Z
Recently Updated
Leaping Animals
pecheneg
Reality TV Shows (A-Z)
bhenderson79
Rickey Henderson's Hall of Fame Teammates
pecheneg
Champions League XIs: Arsenal
pecheneg
Quick Pick: Celebrities in WWE's Hall of Fame
aduchscher
A-Z Keypad Blitz II
pecheneg
Multiple Oscar Actors
pecheneg
Mystery Phrase Blitz: Oscar 'Best Actors'
pecheneg
F. Scott Fitzgerald Novels
LTH
Pick 3 Villains
ddd62291
Trending Topics
Anime
Marvel
Harry Potter
Kpop
Disney
NBA
Crossword
Soccer
Pokémon
Song
Country
The Office
NFL
WWE
Puzzle
Your Account Isn't Verified!
In order to create a playlist on Sporcle, you need to verify the email address you used during registration. Go to your
Sporcle Settings
to finish the process.
Report this User
Report this user for behavior that violates our
Community Guidelines
.
Details:
Send Report
Go to the Sporcle.com Mobile Site →
Comments